000 00793nam a2200253 a 4500
001 963
003 BR-CuiBMT
005 20231123233836.0
008 231123s2010 mgb 001 0 por d
020 _a9788577003327
040 _aBR-CuiBMT
_cBR-CuiBMT
080 _22007
_a342.22
090 _a342.22
_bF375r
100 1 _aFerrari, Paola Nery
245 2 _aA responsabilidade do Estado decorrente de atos jurisdicionais /
_cPaola Nery Ferrari ; prefácio, Romeu Felipe Bacellar Filho.
260 _aBelo Horizonte :
_bFórum,
_c2010.
300 _a146 p.:
_c22 cm
504 _aInclui bibliografia e índice.
650 _aEstado de direito
650 _aResponsabilidade do estado
_zBrasil
650 _aFunção judicial
_zBrasil
650 _aDireito administrativo
942 _2udc
_cLV
999 _c963
_d963